Evaluation, Treatment and Prevention of Musculoskeletal Disorders (Record no. 10364)

000 -LEADER
fixed length control field 00533nam a2200145 4500
008 - FIXED-LENGTH DATA ELEMENTS--GENERAL INFORMATION
fixed length control field 151204b xxu||||| |||| 00| 0 eng d
020 ## - INTERNATIONAL STANDARD BOOK NUMBER
International Standard Book Number 0961646101
050 ## - LIBRARY OF CONGRESS CALL NUMBER
Classification number SPE RC 925 .D83 1985
100 ## - MAIN ENTRY--PERSONAL NAME
Personal name Saunders, H. Duane
Dates associated with a name 1985
245 ## - TITLE STATEMENT
Title Evaluation, Treatment and Prevention of Musculoskeletal Disorders
Statement of responsibility, etc. H. Duane Saunders
260 ## - PUBLICATION, DISTRIBUTION, ETC. (IMPRINT)
Place of publication, distribution, etc. Bloomington:
Name of publisher, distributor, etc. Educational Opportunities,
Date of publication, distribution, etc. 1985.
300 ## - PHYSICAL DESCRIPTION
Extent ix, 328p.: ill.
Other physical details Includes Index,
650 ## - SUBJECT ADDED ENTRY--TOPICAL TERM
Topical term or geographic name as entry element Physical Theraphy
942 ## - ADDED ENTRY ELEMENTS (KOHA)
Source of classification or shelving scheme
Koha item type Hard Covered Materials
Classification part SPE RC 925 .D83 1985
Holdings
Withdrawn status Lost status Source of classification or shelving scheme Damaged status Not for loan Home library Current library Date acquired Source of acquisition Total Checkouts Full call number Barcode Date last seen Price effective from Koha item type
          MACHAKOS UNIVERSITY LIBRARY MACHAKOS UNIVERSITY LIBRARY 04/12/2015 Donation [B.F.A]   SPE RC 925 .D83 1985 19626 04/12/2015 04/12/2015 Hard Covered Materials
© Machakos University Library, Along The Highway, Machakos Wote Rd, Machakos, Kenya P.O. Box 136 - 90100 Machakos - Kenya

Tel: ( +254 ) 723 805829 OR Fax : 044-20353 OR Email: library@mksu.ac.ke